00340nam a2200121Ia 4500008004100000040001600041041001200057082001500069100002700084245005500111260003700166300001500203230917s9999||||xx |||||||||||||| ||und|| e57578aMAIN aEnglish a294.1 C78N aCoomaraswamy, Ananda K 0aNew approach to the Vedas: An essay in translation aDelhibAparna Publicationsc1985 aix, 116 p.